<?xml version="1.0" encoding="UTF-8"?>
<collection xmlns="http://www.loc.gov/MARC21/slim">
 <record>
  <leader>01547nam a22002297a 4500</leader>
  <controlfield tag="001">NCT_55454</controlfield>
  <controlfield tag="008">181115b        xxu||||| |||| 00| 0 vie d</controlfield>
  <datafield tag="999" ind1=" " ind2=" ">
   <subfield code="c">2671</subfield>
   <subfield code="d">2671</subfield>
  </datafield>
  <datafield tag="020" ind1=" " ind2=" ">
   <subfield code="a">9786047743988</subfield>
   <subfield code="c">129000</subfield>
  </datafield>
  <datafield tag="082" ind1="0" ind2="4">
   <subfield code="2">23rd ed.</subfield>
   <subfield code="a">370.91724</subfield>
   <subfield code="b">B825</subfield>
  </datafield>
  <datafield tag="100" ind1="1" ind2=" ">
   <subfield code="a">Braun, Adam</subfield>
  </datafield>
  <datafield tag="245" ind1="1" ind2="0">
   <subfield code="a">Lời hứa về một cây bút chì =</subfield>
   <subfield code="b">The promise of a pencil : Hành trình từ 20 đô-la đến 250 trường học dành cho trẻ em trên toàn cầu và câu chuyện phi thường của một CEO nuôi chí thay đổi thế giới bằng giáo dục</subfield>
   <subfield code="c">Adam Braun ; Hải Đăng (dịch)</subfield>
  </datafield>
  <datafield tag="250" ind1=" " ind2=" ">
   <subfield code="a">Tái bản lần thứ 2</subfield>
  </datafield>
  <datafield tag="260" ind1=" " ind2=" ">
   <subfield code="a">H.</subfield>
   <subfield code="b">Thế giới</subfield>
   <subfield code="c">2018</subfield>
  </datafield>
  <datafield tag="300" ind1=" " ind2=" ">
   <subfield code="a">364 tr.</subfield>
   <subfield code="c">21cm</subfield>
  </datafield>
  <datafield tag="520" ind1="3" ind2=" ">
   <subfield code="a">Sách sẽ cho bạn những bài học đơn giản và thấy được thế nào tất cả mọi người có thể tìm thấy niềm đam mê của họ, phát huy tiềm năng của bản thân, sống một cuộc sống đầy ý nghĩa, niềm vui và cảm hứng.</subfield>
  </datafield>
  <datafield tag="653" ind1=" " ind2=" ">
   <subfield code="a">Sách tham khảo</subfield>
  </datafield>
  <datafield tag="710" ind1=" " ind2=" ">
   <subfield code="a">Hải Đăng</subfield>
   <subfield code="b">Dịch</subfield>
  </datafield>
  <datafield tag="942" ind1=" " ind2=" ">
   <subfield code="2">ddc</subfield>
   <subfield code="c">BK</subfield>
  </datafield>
  <datafield tag="952" ind1=" " ind2=" ">
   <subfield code="0">0</subfield>
   <subfield code="1">0</subfield>
   <subfield code="2">ddc</subfield>
   <subfield code="4">0</subfield>
   <subfield code="6">370_917240000000000_B825</subfield>
   <subfield code="7">0</subfield>
   <subfield code="9">14886</subfield>
   <subfield code="a">000001</subfield>
   <subfield code="b">000001</subfield>
   <subfield code="d">2018-11-15</subfield>
   <subfield code="o">370.91724 B825</subfield>
   <subfield code="p">TK.01206</subfield>
   <subfield code="r">2018-11-15</subfield>
   <subfield code="v">129000.00</subfield>
   <subfield code="w">2018-11-15</subfield>
   <subfield code="y">BK</subfield>
  </datafield>
  <datafield tag="952" ind1=" " ind2=" ">
   <subfield code="0">0</subfield>
   <subfield code="1">0</subfield>
   <subfield code="2">ddc</subfield>
   <subfield code="4">0</subfield>
   <subfield code="6">370_917240000000000_B825</subfield>
   <subfield code="7">0</subfield>
   <subfield code="9">14887</subfield>
   <subfield code="a">000001</subfield>
   <subfield code="b">000001</subfield>
   <subfield code="d">2018-11-15</subfield>
   <subfield code="o">370.91724 B825</subfield>
   <subfield code="p">TK.01207</subfield>
   <subfield code="r">2018-11-15</subfield>
   <subfield code="v">129000.00</subfield>
   <subfield code="w">2018-11-15</subfield>
   <subfield code="y">BK</subfield>
  </datafield>
  <datafield tag="980" ind1=" " ind2=" ">
   <subfield code="a">Thư viện Trường Đại học Nam Cần Thơ</subfield>
  </datafield>
 </record>
</collection>
